Quizzes
Events
Quiz Creation
Community
Videos
Private Events
Remove Ads
Sign In
Join for FREE
Feedback
Dark Mode
Quiz Categories
Sports
Geography
Music
Movies
Television
Just For Fun
Miscellaneous
History
Literature
Language
Science
Gaming
Entertainment
Religion
Holiday
For Kids
Quiz Lab
Recent
Popular Today
Quiz Kudos Today
Editor Picks
Curator Picks
Quizzes by...
Day
Popularity
Type
Ratings
Length
Year
Community
Subscriptions
Recent Discussions
Orange Saloon
Badges
Playlists
Quests
Create
Leaderboards
Showdown
Live 5
Trivia Bingo
Activity
Puzzle Library
Sporcle Events
Private Events
Virtual Trivia
Globe League
Become a Host
Pub Owners
SporcleCon
Opinionation
Our Games
Videos
Blog
Mobile Apps
Partnerships
Remove Ads and Go Orange
Feedback
Music
Pop Music
The Beatles
Song
Album
Lyrics
Bands
Singers
Artist
Clip
Rock
Rap
Classical
Billboard
Country Music
Kpop
Taylor Swift
Music
Pop Music
The Beatles
Song
Album
Lyrics
Bands
Singers
Artist
Clip
Rock
Rap
Classical
Billboard
Country Music
Kpop
Taylor Swift
Random Quiz
Search Sporcle
×
Quiz Lab
Quiz Lab
Music
Song
Type in answers that appear in a list
Type in answers that appear in a list
Classic
Best Score? Go Orange.
All 5SOS songs Stats
Can you name the All 5SOS songs?
By
kclind_
8m
82 Questions
450 Plays
450 Plays
450 Plays
Comments
Comments
Give Quiz Kudos
Give Quiz Kudos
-
- Ratings
hide this ad
More Info
Replay
Link that replays current quiz
Next Quiz
Link to next quiz in quiz playlist
You Got
0%
They Got
Avg Score
70%
Avg Friend Score
Upgrade to see
Score Distribution
Jump to the score distribution portion of the page
Score
0/82
Timer
08:00
0
Plays Today
hint
Answer
% Correct
she looks so perfect ep
she looks so perfect
94.6%
LIVESOS
she looks so perfect
94.2%
dont stop ep
dont stop
93.3%
self-
titled album
she looks so perfect
92.6%
self-
titled album
dont stop
92.2%
self-
titled album
amnesia
91.7%
LIVESOS
amnesia
91.5%
sounds good feels good
she's kinda hot
91.1%
amnesia ep
amnesia
90.8%
she's kinda hot ep
she's kinda hot
90.4%
good girls ep
good girls
90.2%
self-
titled album
good girls
89.7%
LIVESOS
good girls
88.8%
sounds good feels good
money
83.7%
sounds good feels good
hey everybody
81.1%
sounds good feels good
jet black heart
80.6%
self-
titled album
18
80.6%
LIVESOS
18
80.4%
somewhere new ep
beside you
78.8%
self-
titled album
beside you
78.8%
LIVESOS
beside you
78.8%
unplugged ep
gotta get out
78.6%
good girls ep
long way home
78.3%
LIVESOS
long way home
78.3%
LIVESOS
out of my limit
78.1%
self-
titled album
long way home
77.7%
somewhere new ep
out of my limit
77.2%
somewhere new ep
gotta get out
77.2%
hint
Answer
% Correct
sounds good feels good
outer space
74.8%
sounds good feels good
broken home
74.3%
she looks so perfect ep
disconnected
71.9%
LIVESOS
disconnected
71.9%
self-
titled album
kiss me kiss me
71.4%
self-
titled album
mrs all american
71.2%
LIVESOS
heartache on the big screen
71.2%
sounds good feels good
permanent vacation
71%
sounds good feels good
castaway
71%
she looks so perfect ep
heartache on the big screen
71%
self-
titled album
heartbreak girl
71%
she looks so perfect ep
what i like about you
70.1%
self-
titled album
greenlight
69.9%
miscellaneous
english love affair
69.9%
LIVESOS
american idiot
69.6%
sounds good feels good
vapor
69.6%
sounds good feels good
san francisco
69.6%
LIVESOS
everything i didnt say
69.4%
amnesia ep
american idiot
69.4%
LIVESOS
what i like about you
69.2%
sounds good feels good
the girl who cried wolf
69.2%
sounds good feels good
airplanes
69.2%
sounds good feels good
invisible
68.9%
LIVESOS
end up here
68.8%
somewhere new ep
unpredictable
68.5%
self-
titled album
everything i didn't say
68.3%
dont stop ep
try hard
68.3%
sounds good feels good
catch fire
68.2%
hint
Answer
% Correct
self-
titled album
voodoo doll
68.1%
self-
titled album
end up here
67.4%
amnesia ep
daylight
67%
sounds good feels good
waste the night
66.4%
sounds good feels good
fly away
66.4%
sounds good feels good
safety pin
64.7%
self-
titled album
never be
64.1%
dont stop ep
wrapped around your finger
63.4%
self-
titled album
social casualty
61.6%
dont stop ep
rejects
59.6%
good girls ep
just sayin
59.1%
she looks so perfect ep
the only reason
58.9%
unplugged ep
i miss you
58.3%
unplugged ep
too late
56.3%
LIVESOS
teenage dream
55.8%
she's kinda hot ep
over and out
55.1%
miscellaneous
lost boy
54.9%
she's kinda hot ep
broken pieces
54.2%
she's kinda hot ep
lost in reality
54%
dont stop ep
if you dont know
53.8%
miscellaneous
wherever you are
53.5%
unplugged ep
jasey rae
51.6%
LIVESOS
pizza
51.3%
miscellaneous
close as strangers
50.9%
miscellaneous
tomorrow never dies
46.3%
miscellaneous
independence day
45.3%
Quiz Playlist
Details
Report
Send in Message
Add To Playlist
More Info:
hope you enjoy!! please let me know if there's any songs i forgot :-)
Classic:
Type in answers that appear in a list
Last Updated: Feb 16, 2017
Quiz Scoreboard
CHALLENGE
Sign Up to Join the Scoreboard
Show All
Scores
Hide
Comments
May contain spoilers
Recently Published
College Basketball Coaching Resumes
by pancakes188
Sports
9m
Billboard Blitz: Fleetwood Mac
by CooCooCachoo
Music
15s
Presidents Visiting Landmarks
by Hejman
History
7m
More to Explore
Quiz From the Vault
Featured Blog Post
Where Did the Easter Bunny Come From?
hide this ad
You Might Also Like...
Tags
Song Quiz
Today's Top Quizzes in Music
Browse Music
hide this ad
Today's Top Quizzes in Song
Browse Song
Top Contributed Quizzes in Music
1
Taylor Swift All Songs (2024)
2
7-to-1: Billboard Hot 100 #1 Hits of 2010s
3
Guess the Artist- 70s Songs
4
Sorting Albums and Songs
5
Taylor Swift Logic Puzzle
6
KPOP LOGIC QUIZ
7
Guess the Taylor Swift song (Mystery Song)
8
2010s Album by Cover III
9
One Thing in Common: Music
10
Guess The Taylor Swift Lyrics Song #1
Explore More
Trending Topics
NBA
Kpop
Disney
Anime
Harry Potter
Marvel
Crossword
Song
The Office
Pokémon
Soccer
Country
WWE
NFL
Puzzle
hide this ad
More By:
kclind_
Quiz
Plays
Rating
Category
Featured
Created
All 5SOS songs
450
5.00
Music
Nov 5, 2015
Go to Creator's Profile
Score Distribution
Quiz Creator Spotlight
kclind_
Follow
Send a Message
Quizzes Created
-
Created Quiz Play Count
-
More By This Creator
Popular Quizzes Today
1
Find the US States - No Outlines Minefield
2
Find the Countries of Europe - No Outlines Minefield
3
The Countries of the World
4
Find the US States
5
Risky Map Clicking: Biggest States A-Z
6
US States
7
Popular People in 1961
8
Movies - When Are They Set?
More Music Quizzes
Trifold Trivia ≋ Music
Editor's Pick
Trending Quizzes
Risky Map Clicking: Least Populous States A-Z
1-10 Letter G Words
1-10 Letter F Words
Risky Map Clicking: Next State Alphabetically
Risky Map Clicking: Biggest States A-Z
Recently Updated
Leaping Animals
pecheneg
Reality TV Shows (A-Z)
bhenderson79
Rickey Henderson's Hall of Fame Teammates
pecheneg
Champions League XIs: Arsenal
pecheneg
Quick Pick: Celebrities in WWE's Hall of Fame
aduchscher
A-Z Keypad Blitz II
pecheneg
Multiple Oscar Actors
pecheneg
Mystery Phrase Blitz: Oscar 'Best Actors'
pecheneg
F. Scott Fitzgerald Novels
LTH
Pick 3 Villains
ddd62291
Trending Topics
Harry Potter
Anime
Crossword
NBA
Kpop
Marvel
Disney
Soccer
The Office
Pokémon
Country
Puzzle
Song
WWE
NFL
Your Account Isn't Verified!
In order to create a playlist on Sporcle, you need to verify the email address you used during registration. Go to your
Sporcle Settings
to finish the process.
Report this User
Report this user for behavior that violates our
Community Guidelines
.
Details:
Send Report
Go to the Sporcle.com Mobile Site →
Comments